STUDENTS GUIDE TO INCOME-TAX 1988-89: B.COM/C.A.INTER (Record no. 477130)

MARC details
000 -LEADER
fixed length control field 00703nam a2200205Ia 4500
008 - FIXED-LENGTH DATA ELEMENTS--GENERAL INFORMATION
fixed length control field 100315s9999 xx 000 0 und d
082 ## - DEWEY DECIMAL CLASSIFICATION NUMBER
Item number 2395 
Classification number 336.24 
100 ## - MAIN ENTRY--PERSONAL NAME
Personal name "Singhania, Vinod K. "
245 ## - TITLE STATEMENT
Title STUDENTS GUIDE TO INCOME-TAX 1988-89: B.COM/C.A.INTER
260 ## - PUBLICATION, DISTRIBUTION, ETC. (IMPRINT)
Place of publication, distribution, etc Delhi 
Name of publisher, distributor, etc Taxmann  
Date of publication, distribution, etc 1988 
300 ## - PHYSICAL DESCRIPTION
Extent "XVI,520p.  "
365 ## - TRADE PRICE
Price note Rupees 
Unit of pricing
Price amount 60.00 
366 ## - TRADE AVAILABILITY INFORMATION
Publishers' discount category
505 ## - FORMATTED CONTENTS NOTE
Miscellaneous information Tushar Jadhav 
530 ## - ADDITIONAL PHYSICAL FORM AVAILABLE NOTE
Availability source -  
620 ## -
-- "Residential Status & its Effect on Tax Incidence, Incomes that are exempt from tax "
630 ## - SUBJECT ADDED ENTRY--UNIFORM TITLE
Uniform title STUDENTS GUIDE TO INCOME-TAX 1988-89: B.COM/C.A.INTER
730 ## - ADDED ENTRY--UNIFORM TITLE
Uniform title STUDENTS GUIDE TO INCOME-TAX 1988-89: B.COM/C.A.INTER
942 ## - ADDED ENTRY ELEMENTS (KOHA)
Koha item type Book
Holdings
Withdrawn status Lost status Damaged status Not for loan Home library Current library Date acquired Cost, normal purchase price Total Checkouts Full call number Barcode Date last seen Price effective from Koha item type
        Dr. V. N. Bedekar Institute of Management Studies Library Dr. V. N. Bedekar Institute of Management Studies Library 02/09/2006 60.00   336.24 /SIN  2395  VPMBRIMS-2395  03/19/2010 03/19/2010 Book